• 首页
  • 本馆介绍
  • 公告通知
  • 最新文献
  • 馆藏检索
  • 电子资源
  • 读者导购
  • 参考咨询
  • 我的图书馆
  • 登录
  • 期刊详细显示
  • 现刊情况显示
  • 合订本情况显示
  • 篇目信息显示

期刊信息

  • 表格格式
  • 工作单格式
  • 卡片格式
索取号 
C913/SSHQ
题名 
37°女人
作者 
女人编辑部
分册号 
分册名 
出版地 
山东
出版者 
女人编辑部
标准刊号 
1674-1153
出版频率 
月刊
中图法分类 
C913
主题词 
社会生活; 社会问题
电子资源 
000 00557nas0 2200217 45
001 0552754062
005 2005112914391406
011    @a1674-1153@dCNY8.00(2020)
091    @aCN37-1351
092    @b24-53
100    @a20051129d km y0chiy0120 ea
101 0  @achi
200 1  @a37°女人@A37°Nu Ren@f女人编辑部@FNu Ren Bian Ji Bu
210    @a山东@c女人编辑部
326    @a月刊
606 0  @a社会生活
606 0  @a社会问题
690    @aC913@v4
711  0 @a女人编辑部@ANu Ren Bian Ji Bu
801  0 @aCN@bPFT@c20051129
905    @aTJWY@dC913@eSSHQ@y2019~
    
    37°女人/女人编辑部.-山东:女人编辑部
    
    
    
    ISSN 1674-1153:CNY8.00(2020)
    
●
相关链接: 在易读查询期刊 在中国知网中查询期刊 在万方数据查询期刊 在维普查询期刊
唐山师范学院图书馆 欢迎您!
大连网信软件有限公司© 版权所有